Implementácia systému manažérstva proti korupcii v športových a iných organizáciách podľa normy ISO 37001:2016

Náhľad iniciačných štádií implementácie manažérstva proti korupcii podľa novej normy ISO 37001:2016. Ich hlavným cieľom je poskytnúť informácie o nevyhnutných požiadavkách implementácie tejto normy v akejkoľvek organizácii založených na skúsenostiach implementačného tímu.

Guardado en:
Detalles Bibliográficos
Autor principal: Veselovská, Lenka
Otros Autores: Závadský, Ján, Závadská, Zuzana
Formato: Capítulo de libro
Lenguaje:eslovaco
Materias:
Etiquetas: Agregar Etiqueta
Sin Etiquetas, Sea el primero en etiquetar este registro!

MARC

LEADER 00000nla a2200000 4500
001 0247420
005 20240417075144.5
041 0 |a slo 
044 |a SK 
245 1 0 |a Implementácia systému manažérstva proti korupcii v športových a iných organizáciách podľa normy ISO 37001:2016  |c Lenka Veselovská, Ján Závadský, Zuzana Závadská 
520 |a Náhľad iniciačných štádií implementácie manažérstva proti korupcii podľa novej normy ISO 37001:2016. Ich hlavným cieľom je poskytnúť informácie o nevyhnutných požiadavkách implementácie tejto normy v akejkoľvek organizácii založených na skúsenostiach implementačného tímu. 
610 2 0 |a šport 
610 2 0 |a manažerizmus 
610 2 0 |a korupcia 
610 2 0 |a normy ISO 
610 2 0 |a Slovensko 
100 1 |a Veselovská, Lenka 
700 1 |a Závadský, Ján 
700 1 |a Závadská, Zuzana